Statistics for U.S. Marine Corps Ranks

Click here to take the quiz!

General Stats

  • This quiz has been taken 22 times
  • The average score is 17 of 22

Answer Stats

Pay GradeRank% Correct
E-1Private
94%
E-2Private First Class
94%
E-4Corporal
89%
E-5Sergeant
89%
O-4Major
83%
E-6Staff Sergeant
83%
O-3Captain
78%
O-2First Lieutenant
78%
O-9General
78%
E-7Gunnery Sergeant
78%
O-1Second Lieutenant
78%
E-9Sergeant Major
78%
O-6Colonel
72%
E-8First Sergeant
72%
E-3Lance Corporal
72%
O-5Lieutenant Colonel
72%
E-8Master Sergeant
72%
O-8Major General
67%
O-7Brigadier General
61%
O-9Lieutenant General
61%
E-9Sergeant Major of the Marine Corps
61%
E-9Master Gunnery Sergeant
56%

Score Distribution

Percentile by Number Answered

Percent of People with Each Score

Your Score History

You have not taken this quiz